27 Mayıs 1960 devrimi, kurucu meclis ve 1961 anayasası / (Kayıt no. 13649)
[ düz görünüm ]
| 000 -BAŞLIK | |
|---|---|
| Sabit Uzunlukta Kontrol Alanı | 00775nam a22002417a 4500 |
| 999 ## - SİSTEM KONTROL NUMARALARI (KOHA) | |
| Koha Biblionumber | 13649 |
| Koha Biblioitemnumber | 13649 |
| 003 - KONTROL NUMARASI IDENTIFIER | |
| Denetim Alanı | MIRAKIL |
| 005 - SON İŞLEM TARİHİ VE ZAMANI | |
| Denetim Alanı | 20191205121401.0 |
| 008 - SABİT-BOY VERİ ELEMANLARI - GENEL BİLGİLER | |
| Sabit Uzunlukta Kontrol Alanı | 191205b tu ||||| |||| 00| 0 tur d |
| 020 ## - ULUSLARARASI STANDART KİTAP NUMARASI | |
| Uluslararası Standart Kitap Numarası | 9755211624 |
| 040 ## - KATALOGLAMA KAYNAK | |
| Orijinal Kataloglama Ajansı | TR-AnCHP |
| Metne Dönüştürmek Ajansı | TR-AnCHP |
| 041 ## - DİL KODU | |
| Metin / Ses Parça Veya Ayrı Başlığın Dil Kodu | tur |
| 082 ## - DEWEY ONLU SINIFLANDIRMA NUMARASI | |
| Sınıflandırma Numarası | 321.090561 |
| Ürün Numarası | Y56 1998 |
| 245 10 - BAŞLIK TABLOSU | |
| Başlık | 27 Mayıs 1960 devrimi, kurucu meclis ve 1961 anayasası / |
| Sorumluluk Tablosu, Vb | editör: Suna Kili |
| 260 ## - YAYIN, DAĞITIM, VB | |
| Yayın, Dağıtım, Vb Yeri | İstanbul: |
| Yayıncı, Dağıtıcı, Vs Adı | Boyut Kitapları, |
| Yayın, Dağıtım, Vb Tarihi | 1998. |
| Üretici Firma | Boyut Matbaacılık. |
| 300 ## - FİZİKSEL TANIM | |
| Kapsam | 279 s.: |
| Boyutlar | 23 sm. |
| 490 0# - SERİSİ TABLOSU | |
| Seri Beyanı | Boyut Kitapları; |
| -- | Araştırma Dizisi; |
| Hacim / Ardışık Tanımı | 13. |
| 650 #0 - KONU KATMA GİRİŞ - TOPİKAL DÖNEM | |
| 9 (RLIN) | 333 |
| Topikal Süreli Veya Coğrafi Ad Giriş Elemanı | Darbeler |
| Genel Alt Bölümü | Türkiye |
| Kronolojik Alt Bölümü | 27 Mayıs 1960 |
| 650 #0 - KONU KATMA GİRİŞ - TOPİKAL DÖNEM | |
| 9 (RLIN) | 5694 |
| Topikal Süreli Veya Coğrafi Ad Giriş Elemanı | Anayasa |
| Genel Alt Bölümü | 1961 Anayasası |
| Coğrafi Alt Bölümü | Türkiye |
| 700 1# - KATMA GİRİŞ - KİŞİSEL İSİM | |
| 9 (RLIN) | 2503 |
| Kişisel Ad | Kili, Suna |
| Bir Adıyla İlişkilendirilen Tarihler | 1929-2015 |
| 740 ## - KATMA GİRİŞ - KONTROLSUZ İLGİLİ / ANALİTİK BAŞLIK | |
| Kontrol Edilmeyen / İlgili Analitik Başlıktaki | 1961 Anayasası |
| 942 ## - EKLENDİ GİRİŞ ELEMANLARI (KOHA) | |
| Sınıflandırma Veya Raf Düzeni Kaynak | Dewey Decimal Classification |
| Koha Öğesi Türü | Kitaplar |
| 999 ## - SİSTEM KONTROL NUMARALARI (KOHA) | |
| Koha Biblioitemnumber | 13649 |
| Kalıcı Konum | Mevcut Konum | Edinme Tarihi | Toplam Check-Out'Lar | Tam Çağrı Numarası | Barkod | Tarih Son Görülme | İtibaren Geçerli Fiyatlar | Sigara Kamu Notu | Koha Öğesi Türü |
|---|---|---|---|---|---|---|---|---|---|
| CHP Kütüphanesi | CHP Kütüphanesi | 12/05/2019 | 321.090561 Y56 1998 | 013424 | 12/05/2019 | 12/05/2019 | Ertuğrul Çepni bağışıdır. | Kitaplar |
